Španielska občianska vojna

Hľadanie odpovede na víťazstvo nacionalistov nad republikánmi v španielskej občianskej vojne. Historický pohľad na prvú republiku a monarchiu. Vznik robotníckej triedy v Španielsku. Rozpútanie anarchizmu. Diktatúra Prima de Riveru. Priebeh občianskej vojny. Názorová nejednotnosť v republikánskom táb...

Descripción completa

Guardado en:
Detalles Bibliográficos
Autor principal: Blazquez, Luis
Formato: Capítulo de libro
Lenguaje:eslovaco
Materias:
Etiquetas: Agregar Etiqueta
Sin Etiquetas, Sea el primero en etiquetar este registro!

MARC

LEADER 00000naa$a2200000$$$4500
001 0053028
005 20240502071618.3
041 0 |a slo 
044 |a SK 
245 1 0 |a Španielska občianska vojna  |c Luis Blazquez 
520 |a Hľadanie odpovede na víťazstvo nacionalistov nad republikánmi v španielskej občianskej vojne. Historický pohľad na prvú republiku a monarchiu. Vznik robotníckej triedy v Španielsku. Rozpútanie anarchizmu. Diktatúra Prima de Riveru. Priebeh občianskej vojny. Názorová nejednotnosť v republikánskom tábore. Úloha Sovietskeho zväzu. Bombardovanie mestečka Guernica. Koniec vojny. 
610 2 0 |a história 
610 2 0 |a vojny 
610 2 0 |a konflikty 
610 2 0 |a národ 
610 2 0 |a ideológia 
610 2 0 |a politika 
610 2 0 |a anarchizmus 
610 2 0 |a nacionalizmus 
610 2 0 |a Španielsko 
100 1 |a Blazquez, Luis